Star Wars Planets and Moons by Movie - Episode I - Statistics

General Stats
  • This quiz has been taken 130 times
  • The average score is 3 of 5
Answer Stats
Answer % Correct
Naboo
99%
Tatooine
97%
Coruscant
90%
Iego
10%
Malastare
5%
No matching quizzes found
Score Distribution
Percent of People with Each Score
Percentile by Number Answered
Your Score History
You have not taken this quiz